Chanteurs par lettre. G - Statistiques

Statistiques générales
  • Ce quiz a été pris 394 fois
  • Le résultat moyen est 9 sur 15
Statistiques - réponses
Chansons Chanteurs/DJ % Correct
Andalouse / Color Gitano Kendji Girac
95%
Envole-moi / Quand la musique est bonne Jean-Jacques Goldman
94%
Ella elle l'a / Résiste France Gall
87%
Seul / Sous le vent Garou
85%
J'me tire / Spider Gims
85%
Ta main / Toi + Moi Grégoire
84%
I will survive / Let me know Gloria Gaynor
64%
Couleur café / Je t'aime moi non plus Serge Gainsbourg
56%
Ne reviens pas / Rosa Gradur
50%
Petete / Dans l'espace Gambi
48%
Flashbacks / Nanani Nanana Gazo
43%
Mon vieux / La tendresse Daniel Guichard
41%
Boulverard of broken dreams / Basket case Greenday
38%
Say my name / Hey mama David Guetta
25%
Toi et moi / L'amour est laid Guillaume Grand
13%
Aucun quiz correspondant
Distribution des résultats
% des personnes avec chaque résultat
Percentile par nombre de réponses
Votre historique - résultats
Vous n’avez pas pris ce quiz